La participación de los sindicatos en las funciones normativas de los poderes públicos
Guardat en:
| Autor principal: | |
|---|---|
| Format: | Llibre |
| Idioma: | espanyol |
| Publicat: |
Albacete
Bomarzo
2010
|
| Edició: | 1a. ed |
| Matèries: | |
| Etiquetes: |
Afegir etiqueta
Sense etiquetes, Sigues el primer a etiquetar aquest registre!
|
MARC
| LEADER | 00000nam a2200000 a 4500 | ||
|---|---|---|---|
| 001 | UCG5275 | ||
| 003 | CL-VaPUC | ||
| 008 | 110120e20100000SP |||||||||||||||||spa|d | ||
| 020 | |a 9788415000051 | ||
| 082 | 0 | 4 | |a 320.1 |b YSA |2 21 |
| 100 | 0 | |a Ysás Molinero, Helena |e author |9 554922 | |
| 245 | 1 | 3 | |a La participación de los sindicatos en las funciones normativas de los poderes públicos |
| 250 | |a 1a. ed | ||
| 300 | |a 334 p | ||
| 942 | |c BK | ||
| 945 | |d 20110120 00:00:00 |a dcastane | ||
| 260 | |a Albacete |b Bomarzo |c 2010 | ||
| 650 | 0 | |a Democracia |9 255256 | |
| 650 | 0 | |a Derechos humanos |9 223025 | |
| 650 | 0 | |a Estado de derecho |9 257795 | |
| 650 | 7 | |a ESTADO SOCIAL |2 CL-VaPUC |9 383948 | |
| 651 | 0 | |a España |9 254926 | |
| 583 | |a last modification |c 20110120 00:00:00 |k Rodrigo Vera | ||
| 999 | |c 343828 |d 343826 | ||
| 952 | |0 0 |1 0 |4 0 |6 320_100000000000000_YSA_2010 |7 0 |8 A |9 441456 |a BIBDER |b BIBDER |d 2019-11-22 |i 4746678 |o 320.1 YSA 2010 |p 4746678 |r 2023-01-25 |w 2019-11-22 |y BK |k DER | ||